Základy slovenského práva obchodných spoločností (platné k 01.10.2004) výber z Obchodného zákonníka, Zákona o obchodnom registri, Zákona o konkurze a vyrovnaní, Živnostenského zákona

Salvato in:
Dettagli Bibliografici
Autore principale: Semančíková, Gabriela
Natura: Libro
Lingua:slovacco
tedesco
Pubblicazione: Bratislava Nadácia RZV [2004]
Soggetti:
Tags: Aggiungi Tag
Nessun Tag, puoi essere il primo ad aggiungerne!!

MARC

LEADER 00000nam$a2200000$$$4500
001 0025765
005 20240104094848.3
020 |a 80-969249-0-7 
041 0 |a slo 
041 0 |a ger 
044 |a SK 
245 1 0 |a Základy slovenského práva obchodných spoločností (platné k 01.10.2004)  |b výber z Obchodného zákonníka, Zákona o obchodnom registri, Zákona o konkurze a vyrovnaní, Živnostenského zákona  |c Gabriela Semančíková 
264 1 |a Bratislava  |b Nadácia RZV  |c [2004] 
300 |a 110, 110 s. 
610 2 0 |a právo obchodné 
610 2 0 |a zákony 
610 2 0 |a legislatíva 
610 2 0 |a Slovensko 
610 2 0 |a zákonník obchodný 
610 2 0 |a register obchodný 
610 2 0 |a konkurzy 
610 2 0 |a vyrovnanie 
610 2 0 |a živnostníci 
100 1 |a Semančíková, Gabriela